000 00369nam a2200145Ia 4500
005 20250425161913.0
008 250425s9999 xx 000 0 und d
041 _aspa
245 0 _aREVISTA TECNICA DE LA FACULTAD DE INGENIERIA UNIVERSIDAD DE ZULIA
250 _a1A ED.
260 _aMARACAIBO
260 _aVenezuela
_bS.E.
_c1985
942 _c01
010 _a34392
999 _c218524
_d218524